| 000 | 00883nam a2200289Ia 4500 | ||
|---|---|---|---|
| 001 | dia_70 | ||
| 003 | CHAP | ||
| 005 | 20221202135834.0 | ||
| 008 | 220117s2007 xx 000 0 und d | ||
| 010 | _a170502 | ||
| 020 | _a978-0-7167-8590-3 \ 0-7167-8590-0 | ||
| 040 | _cCHAP | ||
| 082 | _a616.079 K56 2007 | ||
| 100 |
_aKindt, Thomas J. _9147111 |
||
| 245 |
_aKuby Immunology / _c Thomas J. Kindt, Richard A. Goldsby y Barbara A. Osborne |
||
| 250 | _a6a ed. | ||
| 260 |
_aEstados Unidos de América : _b Freeman, _c2007 |
||
| 300 | _a1 v. (en paginación variada) | ||
| 503 | _aC/e | ||
| 650 |
_aInmunología _958818 |
||
| 700 |
_aGoldsby, Richard A., coaut. _9147112 |
||
| 700 |
_aOsborne, Barbara A., coaut. _9147113 |
||
| 901 | _a616.079 K56 2007 | ||
| 902 | _aM | ||
| 905 | _a0000002007 -usabin0000000000eng00 | ||
| 942 |
_cLIBRO _2ddc |
||
| 999 |
_c170502 _d170502 |
||